000 00494nam a22001937a 4500
005 20150428153321.0
008 150428b xxu||||| |||| 00| 0 eng d
020 _a9789381640258
_c250.00
040 _aLoreto College
041 _aBengali
082 _a891.448
_bDAS
100 _aDas,Sisirkumar
245 _aItihaser rongoloke
_cSisirkumar Das
260 _aKolkata
_bKarigar
_c2013
300 _a112p
_b22cm
650 _aBengali-Miscellaneous writing
850 _aLCLIB
942 _cBK
999 _c39942
_d90421